Statistiques concernant Culture Générale - Série 302

Cliquez ici pour prendre le quiz!

Statistiques générales

  • Ce quiz a été pris 79 fois
  • Le résultat moyen est 5 sur 10

Statistiques - réponses

QuestionRéponse% Correct
Comment écrit-on quinze en chiffres romains ?XV
100%
De quelle ville d'Italie est l'équipe de football de la Juventus ?Turin
96%
En géométrie, quelle lettre représente l'axe des ordonnées ?Y
88%
Quel os plat et triangulaire est situé à la partie postérieure de l'épaule ?L'omoplate
81%
Dans la mythologie grecque, de quelle cité antique Priam était-il le roi ?Troie
47%
Quel ministère est situé quai d'Orsay à Paris ?Affaires étrangères
43%
Comment s'appelle le loup dans "Le Roman de Renart" ?Ysengrin
31%
Qui réalise et joue le rôle principal de "Pale Rider", le cavalier solitaire ?Clint Eastwood
25%
Où y a-t-il du rififi selon le titre du film avec Jean Gabin en 1966 ?A Paname
23%
Quel animal est prénommé Elvis dans la série "Deux Flics à Miami" ?Un alligator
8%

Distribution des résultats

Percentile par nombre de réponses

% des personnes avec chaque résultat

Votre développement - résultats

Vous n’avez pas pris ce quiz